The Law and practice of meetings

Bibliographic Details
Main Author: Shackleton, Frank
Format: Book
Published: London : Sweet and maxwell , 1967
Subjects:

MARC

LEADER 00000cam a2200000 7i4500
001 0000009059
005 20160927.0
040 |a INS 
090 0 0 |a KD667.M4   |b S47 1967 
100 1 |a Shackleton, Frank 
245 1 4 |a The Law and practice of meetings   |c by Frank Shakleton 
260 |a London :   |b Sweet and maxwell ,   |c 1967 
300 |a 338p ;   |c 23cm. 
500 |a Include index 
650 0 |a Parliamentary practice   |z Great Britain 
650 0 0 |a Public meetings   |z Great Britain 
999 |a 0000023853   |b BOOK   |c Open Shelf   |e Default branch